Motivation management : (Record no. 10861)
[ view plain ]
| 000 -LEADER | |
|---|---|
| fixed length control field | 00688nam a22002172 4500 |
| 001 - CONTROL NUMBER | |
| control field | 0000005907 |
| 005 - DATE AND TIME OF LATEST TRANSACTION | |
| control field | 20151217154356.0 |
| 008 - FIXED-LENGTH DATA ELEMENTS--GENERAL INFORMATION | |
| fixed length control field | 070809s xx 000 0 eng d |
| 040 ## - CATALOGING SOURCE | |
| Original cataloging agency | KABU |
| Transcribing agency | KABU |
| 050 #0 - LIBRARY OF CONGRESS CALL NUMBER | |
| Classification number | HF5549.5 |
| Item number | .M63R58 |
| 100 1# - MAIN ENTRY--PERSONAL NAME | |
| Personal name | Ritchie, Sheila. |
| -- | 0000157191 |
| 245 10 - TITLE STATEMENT | |
| Title | Motivation management : |
| Remainder of title | for getting results / |
| Statement of responsibility, etc. | by Sheila Ritchie and Peter Martin. |
| 260 ## - PUBLICATION, DISTRIBUTION, ETC. (IMPRINT) | |
| Place of publication, distribution, etc. | New Delhi : |
| Name of publisher, distributor, etc. | Infinity, |
| Date of publication, distribution, etc. | 2004. |
| 300 ## - PHYSICAL DESCRIPTION | |
| Extent | viii, 293 p. |
| 650 #0 - SUBJECT ADDED ENTRY--TOPICAL TERM | |
| Topical term or geographic name as entry element | Employee motivation. |
| -- | 0000150982 |
| 650 #0 - SUBJECT ADDED ENTRY--TOPICAL TERM | |
| Topical term or geographic name as entry element | Industrial management. |
| -- | 0000149957 |
| 700 1# - ADDED ENTRY--PERSONAL NAME | |
| Personal name | Marti, Peter. |
| -- | 0000157192 |
| 908 ## - PUT COMMAND PARAMETER (RLIN) | |
| Put command parameter | 070809 |
| 950 ## - LOCAL HOLDINGS (RLIN) | |
| -- | 1 |
| Withdrawn status | Lost status | Source of classification or shelving scheme | Not for loan | Home library | Current library | Date acquired | Total Checkouts | Full call number | Barcode | Date last seen | Price effective from | Koha item type |
|---|---|---|---|---|---|---|---|---|---|---|---|---|
| Library of Congress Classification | Kabarak, Main Campus | Kabarak, Main Campus | 17/12/2015 | HF5549.5 .M63R58 | 009727 | 02/08/2024 | 17/12/2015 | General Collection |